01804cam a2200337 i 4500001000700000003000700007005001700014007000300031008004100034017005300075020001800128035002100146035001300167040003900180080002100219100004700240245006900287250003700356260003100393300002000424336002200444337003000466338002400496490001000520520072900530534002901259655001201288700003201300830002201332852011201354193216SpMaBN20250804062654.0ta231009s2008 sp | |||| 000 f spa  aB 10558-2008bOficina Depósito Legal Barcelona a9788435009904 a(OCoLC)317588717 aa4318783 aSpMaBNbspacSpMaBNerdcdES-MaACL a821.112.2-31"19"1 aWagner, Jan Costin,d1972-0XX4734332eaut10aLuna helada /cJan Costin Wagner ; traducción de Carlos Fortea aPrimera edición: abril de 2008 aBarcelona :bEdhasa,c2008 a378 p. ;c24 cm 2rdacontentaTexto 2rdamediaasin mediación 2rdacarrieravolumen1 aPolar aSólo ha pasado un día tras la muerte de su joven esposa, pero el policía finlandés Kimmo Joentaa, incapaz de asumirlo, quiere volver al trabajo cuanto antes. No soporta estar en su casa, situada frente a un lago de belleza inquietante en un solitario paraje a las afueras de Torku. A su jefe no se le ocurre nada mejor que asignarle el caso de una mujer que ha aparecido muerta en su casa, asfixiada con una almohada. La puerta no ha sido forzada, no ha habido robo, no hay móvil. Joentaa no tardará en averiguar que se enfrenta a un asesino en serie, pero lo peor será descubrir que, ambos criminal y perseguidor, comparten un sentimiento de angustia que acabará creando una extraña empatía entre ellos. pTraducción de: Eismond 0aNovelas1 aFortea, Carlos,d1963-etrl aPolar (Barcelona) aES-MaACLbR.154614jN-9376cDEPOJhDonación: Carlos ForteaxEncuadernación cartoné con sobrecubiertas